000
00319nam a2200133Ia 4500
008
220204s9999 xx 000 0 und d
082
_a
658.15
_b
KUC
100
_a
Kuchhal, S C
245
0
_a
Financial management
250
_a
2
260
_a
Allahabad
_b
Chaitanya
_c
1974
650
_a
Financial management
942
_c
BK
999
_c
22977
_d
22977